|
|
|
|
| LEADER |
00803nam a2200217 a 4500 |
| 001 |
GR-MES389 |
| 008 |
991111s gr 000 b eng d |
| 020 |
|
|
|a 0721637035
|
| 040 |
|
|
|a GrPaTEI
|b gre
|c GR-PaULI
|
| 245 |
0 |
0 |
|a Gellis and kagan's Current pediatric therapy 14.
|
| 260 |
|
|
|a Philadelphia :
|b W.B. Saunders,
|c c1993
|
| 300 |
|
|
|a xxxiv, 874σελ. :
|b πιν.
|
| 650 |
|
4 |
|a Παιδιατρική
|
| 700 |
1 |
|
|a Burg, Fredric D.
|
| 700 |
1 |
|
|a Ingelfinger, Julie R.
|
| 700 |
1 |
|
|a Wald, Ellen R.
|
| 710 |
0 |
|
|a W.B. Saunders
|
| 942 |
|
|
|2 ddc
|
| 952 |
|
|
|0 0
|1 0
|2 ddc
|4 0
|6 618_920000000000000_BUR
|7 0
|9 263618
|a MSLG
|b MSLG
|c BSC
|d 2021-01-17
|e 24
|f 0
|g 0.00
|l 0
|o 618.92 BUR
|p 2420000003824
|r 2021-01-17 00:00:00
|t 1
|w 2021-01-17
|y BK15
|x 19991111 0 1
|x GrPaTEI
|
| 971 |
|
|
|a .b25714302
|b 15-04-20
|c 13-09-16
|
| 999 |
|
|
|c 151769
|d 151769
|